000 00285nam a22001337a 4500
008 170829b xxu||||| |||| 00| 0 eng d
020 _a0395331641343217
041 _aeng
080 _a070
100 _a39
101 _aMED
245 _aCONTEMPORARY
_cZAREFSKY.P
942 _2udc
_cBK
999 _c25330
_d25330